Seis dramaturgos ejemplares / (Record no. 10335)

MARC details
000 -LEADER
campo de control de longitud fija 01008cam a2200289 a 4500
001 - NÚMERO DE CONTROL
campo de control 89746
005 - FECHA Y HORA DE LA ÚLTIMA TRANSACCIÓN
campo de control 20230404130052.0
008 - DATOS DE LONGITUD FIJA--INFORMACIÓN GENERAL
campo de control de longitud fija 060106s2005 cu a 000 0 spa
010 ## - NÚMERO DE CONTROL DE LA BIBLIOTECA DEL CONGRESO
Número de control de LC 2006353833
035 ## - NÚMERO DE CONTROL DEL SISTEMA
Número de control de sistema (OCoLC)ocm70047563
040 ## - FUENTE DE CATALOGACIÓN
Centro catalogador/agencia de origen DLC
Centro/agencia transcriptor DLC
Centro/agencia modificador FQG
-- VVC
-- OCLCG
020 ## - NÚMERO INTERNACIONAL ESTÁNDAR DEL LIBRO
Número Internacional Estándar del Libro 9592096228
020 ## - NÚMERO INTERNACIONAL ESTÁNDAR DEL LIBRO
Número Internacional Estándar del Libro 9789592096226
029 1# - OTRO NÚMERO DE CONTROL DE SISTEMA (OCLC)
Identificador de la biblioteca OCLC AU@
Número de control de sistema 000040605719
035 ## - NÚMERO DE CONTROL DEL SISTEMA
Número de control de sistema (OCoLC)70047563
050 14 - SIGNATURA TOPOGRÁFICA DE LA BIBLIOTECA DEL CONGRESO
Número de clasificación 107 PN 1811
Número de ítem A681s 2005
100 1# - ENTRADA PRINCIPAL--NOMBRE DE PERSONA
Nombre de persona Arenal, Humberto,
Fechas asociadas al nombre 1927-
245 10 - MENCIÓN DEL TÍTULO
Título Seis dramaturgos ejemplares /
Mención de responsabilidad, etc. Humberto Arenal.
246 3# - FORMA VARIANTE DEL TITULO
Título propio/Titulo breve 6 dramaturgos ejemplares
260 ## - PUBLICACIÓN, DISTRIBUCIÓN, ETC.
Lugar de publicación, distribución, etc. El Vedado, Ciudad de La Habana :
Nombre del editor, distribuidor, etc. Ediciones Union,
Fecha de publicación, distribución, etc. c2005.
300 ## - DESCRIPCIÓN FÍSICA
Extensión 174 p. :
Otras características físicas ill. ;
Dimensiones 19 cm.
505 0# - NOTA DE CONTENIDO CON FORMATO
Nota de contenido con formato Por siempre Moliere -- La opulenta Avellaneda -- Chekjov [sic] y su teatro -- La esperpentica vida de Don Ramon Maria del Valle-Inclan -- Eugene O'Neill o el teatro -- El teatro a lo Pinera.
650 #0 - PUNTO DE ACCESO ADICIONAL DE MATERIA--TÉRMINO DE MATERIA
Término de materia o nombre geográfico como elemento de entrada Drama
Subdivisión general History and criticism.
942 ## - ELEMENTOS DE ENTRADA SECUNDARIOS (KOHA)
Fuente del sistema de clasificación o colocación Clasificación de Library of Congress
Tipo de ítem Koha
994 ## -
-- C0
-- DRFGD
946 ## - PROCESAMIENTO DE INFORMACIÓN LOCAL (OCLC)
a MF
Holdings
Estatus retirado Estado de pérdida Fuente del sistema de clasificación o colocación Estado de daño No para préstamo Colección Biblioteca de origen Biblioteca actual Ubicación en estantería Fecha de adquisición Serial enumeration / chronology Total checkouts Signatura topográfica completa Código de barras Visto por última vez Copia número Precio de reemplazo Tipo de ítem Koha
    Clasificación de Library of Congress     Recursos Regionales Biblioteca Juan Bosch Biblioteca Juan Bosch Recursos Regionales (2do. Piso) 04/04/2023 1   107 PN 1811 A681s 2005 00000083329 23/10/2018 1 23/10/2018